|
|
|
|
| LEADER |
00772cam a2200217 a 4500 |
| 001 |
c000266366 |
| 003 |
CARM |
| 005 |
20070807090406.0 |
| 008 |
890608s1984 nyu 000 1 eng d |
| 019 |
1 |
|
|a 6335504
|z 45949192
|5 LACONCORD2021
|
| 020 |
|
|
|a 0590332422 (pbk.)
|
| 035 |
|
|
|a (OCoLC)11585543
|5 LACONCORD2021
|
| 040 |
|
|
|a 2330
|b eng
|c 2330
|d VCAV
|
| 100 |
1 |
|
|a Craig, M. S.
|q (Mary Shura),
|d 1923-
|
| 245 |
1 |
0 |
|a Jessica /
|c Mary Francis Shura.
|
| 260 |
|
|
|a New York :
|b Scholastic,
|c c1984.
|
| 300 |
|
|
|a 363 p.
|
| 440 |
|
0 |
|a Sunfire books
|
| 852 |
8 |
|
|b CARM
|h A1:AO10A0
|i A04572
|p 0384586
|f BK
|
| 999 |
f |
f |
|i 2a07bf0d-2c0e-5e50-9bd1-7dc2c46de84a
|s 710cd08f-6186-5fa9-a75e-fd8288f456ad
|
| 952 |
f |
f |
|p Can circulate
|a CAVAL
|b CAVAL
|c CAVAL
|d CARM 1 Store
|e A04572
|f A1:AO10A0
|h Other scheme
|i book
|m 0384586
|